| 000 | 01660 a2200217 4500 | ||
|---|---|---|---|
| 001 | 3221 | ||
| 005 | 20260407155426.0 | ||
| 008 | 260407a1988 arg spa d | ||
| 003 | AR-UNSa-BCEJYS | ||
| 040 |
_aAR-UNSa-BCEJYS _bspa _cAR-UNSa-BCEJYS |
||
| 080 |
_a347.72 _xSociedades comerciales |
||
| 245 | 1 | 0 |
_aDerecho de las sociedades comerciales _pComentario al texto ordenado de la Ley 19.550, reformada por la Ley 22.903, según decreto 841/84 |
| 020 | _a950-20-0488-4 | ||
| 250 | _a3a. ed. | ||
| 264 | 1 |
_aBuenos Aires : _bAbeledo Perrot _c1988 |
|
| 300 |
_a681 p. _c22 cm. |
||
| 505 | _a1. La sociedad comercial - 2. La naturaleza jurídica de la sociedad comercial - 3. La personalidad jurídica de las sociedades comerciales - 4. Concepto y elementos de la sociedad comercial - 5. Constitución de la sociedad - 6. De los socios - 7. De la administración y representación de la sociedad - 8. De la documentación y la contabilidad - 9. Transformación, fusión y escisión - 10. Resolución parcial, disolución y liquidación - 11. Sociedades extranjeras - 12. De las sociedades en particular. Sociedades personales - 13. La sociedad de responsabilidad limitada - 14. La sociedad anónima - 15. La sociedad anónima: (continuación) - 16. La sociedad anónima: (continuación) - 17. De los accionistas: derechos y obligaciones - 18. De las obligaciones o debentures - 19. De las sociedades en comandita por acciones - 20. Las agrupaciones entre sociedades y empresas - 21. Nominatividad de las acciones - 22. Cooperativas - 23. Entidades financieras | ||
| 942 | _cBK | ||
| 590 | _aniveau_biblio:m niveau_hierar:0 | ||
| 100 | 1 | _aVillegas, Carlos Gilberto | |
| 999 |
_c302 _d302 |
||